| 000 | 00606cam a22002171 4500 | ||
|---|---|---|---|
| 001 | sa 67000793 | ||
| 003 | DLC | ||
| 005 | 20260227112317.0 | ||
| 008 | 890414m19639999xx 000 0 ind | ||
| 010 | _asa 67000793 | ||
| 035 | _a(OCoLC)23542188 | ||
| 040 |
_aDLC _cMiU _dDLC |
||
| 042 | _apremarc | ||
| 050 | 0 | 0 |
_aHB54 _b.P7 |
| 100 | 1 | _aH., Soetrisno P. | |
| 245 | 1 | 0 | _aPedoman kuliah perbandingan sistim perekonomian. |
| 260 |
_aJogjakarta, _bPenerbit Diktat U. G. M. Dwitunggal _c[1963?-] |
||
| 300 | _av, 22 cm. | ||
| 650 | 0 | _aComparative economics | |
| 740 | 0 | _aPerbandingan sistim perekonomian. | |
| 999 |
_c72215 _d72215 |
||